[Event "Salerno op"]
[Site "Salerno "]
[Date "2012.01.29"]
[Round "6"]
[White "Rebeggiani, Andrea"]
[Black "Crafa, Carmine"]
[Result "1-0"]
[WhiteElo "1947"]
[BlackElo "1777"]
[PlyCount "43"]
[EventDate "2012.01.27"]
[EventType "swiss"]
[EventRounds "6"]
[EventCountry "ITA"]
[SourceTitle "EXT 2014"]
[Source "ChessBase"]
[SourceDate "2013.11.20"]
[SourceVersion "1"]
[SourceVersionDate "2013.11.20"]
[SourceQuality "1"]

1. e4 e5 2. Nf3 Nc6 3. d4 exd4 4. Nxd4 Nf6 5. Nxc6 bxc6 6. Bd3 Bb4+ 7. c3 Bc5 8. e5 Nd5 9. Qg4 Ne7 10. Qxg7 Rg8 11. Qxh7 Rxg2 12. Be3 Bxe3 13. fxe3 Ng8 14. Nd2 Qg5 15. 0-0-0 Bb7 16. Be4 Rg4 17. Bf5 Qg7 18. Qh3 Rg2 19. Bxd7+ Kf8 20. Rhf1 Rd8 21. e6 Nh6 22. Ne4 1-0

[Event "Porto San Giorgio op 23rd"]
[Site "Porto San Giorgio"]
[Date "2011.08.23"]
[Round "4"]
[White "Bondielli, Giorgio"]
[Black "Crafa, Carmine"]
[Result "1/2-1/2"]
[WhiteElo "1885"]
[BlackElo "1805"]
[PlyCount "41"]
[EventDate "2011.08.21"]
[EventType "swiss"]
[EventRounds "9"]
[EventCountry "ITA"]
[SourceTitle "CBM 144 Extra"]
[Source "ChessBase"]
[SourceDate "2011.10.28"]
[SourceVersion "1"]
[SourceVersionDate "2011.10.28"]
[SourceQuality "1"]

1. e4 e5 2. Nf3 Nc6 3. d4 exd4 4. Bc4 Nf6 5. 0-0 Nxe4 6. Re1 d5 7. Bxd5 Qxd5 8. Nc3 Qd8 9. Nxe4 Be7 10. Bg5 0-0 11. Bxe7 Qxe7 12. Nxd4 Nxd4 13. Qxd4 Be6 14. Qc3 b6 15. Ng3 Rad8 16. Re2 Qd7 17. h3 c5 18. Rae1 Qd4 19. Qa3 Qd7 20. Qc3 Qd4 21. Qa3 1/2-1/2